5HLuxD.jpg

KING HENRY VIII SENIOR AND PRIMARY SCHOOL LIBRARY OPAC

Dinosaurs : (Record no. 1921)

000 -LEADER
fixed length control field 00951nam a2200301 i 4500
001 - CONTROL NUMBER
control field 020476708
003 - CONTROL NUMBER IDENTIFIER
control field UkOxU
005 - DATE AND TIME OF LATEST TRANSACTION
control field 20230217160243.0
008 - FIXED-LENGTH DATA ELEMENTS--GENERAL INFORMATION
fixed length control field 160229s2015 enka j 001 0 eng c
015 ## - NATIONAL BIBLIOGRAPHY NUMBER
National bibliography number GBB631924
Source bnb
020 ## - INTERNATIONAL STANDARD BOOK NUMBER
International Standard Book Number 9781472380517 (hbk.) :
035 ## - SYSTEM CONTROL NUMBER
System control number (IeDuTC)b164306328
035 ## - SYSTEM CONTROL NUMBER
System control number (Uk)017395253
040 ## - CATALOGING SOURCE
Original cataloging agency UK-WkNB
Language of cataloging eng
Transcribing agency UK-WkNB
Modifying agency IeDuTC
-- KH8
Description conventions rda
042 ## - AUTHENTICATION CODE
Authentication code ukscp
082 04 - DEWEY DECIMAL CLASSIFICATION NUMBER
Classification number 567.9 SOL
Edition number 23
245 00 - TITLE STATEMENT
Title Dinosaurs :
Remainder of title meet the giants of the prehistoric world.
Statement of responsibility, etc. SOL S.L
264 #1 - PRODUCTION, PUBLICATION, DISTRIBUTION, MANUFACTURE, AND COPYRIGHT NOTICE
Place of production, publication, distribution, manufacture Bath, UK :
Name of producer, publisher, distributor, manufacturer Parragon Books Ltd,
Date of production, publication, distribution, manufacture, or copyright notice 2015.
300 ## - PHYSICAL DESCRIPTION
Extent 77 pages :
Other physical details illustrations (black and white, and colour) ;
Dimensions 28 cm
336 ## - CONTENT TYPE
Content type term text
Source rdacontent
337 ## - MEDIA TYPE
Media type term unmediated
Source rdamedia
338 ## - CARRIER TYPE
Carrier type term volume
Source rdacarrier
500 ## - GENERAL NOTE
General note Original edition by Editorial SOL".
500 ## - GENERAL NOTE
General note Includes index and glossary of terms.
650 #0 - SUBJECT ADDED ENTRY--TOPICAL TERM
Topical term or geographic name entry element Dinosaurs
Form subdivision Juvenile literature.
710 ## - ADDED ENTRY--CORPORATE NAME
Corporate name or jurisdiction name as entry element SOL S.L
Relator term author
942 ## - ADDED ENTRY ELEMENTS (KOHA)
Source of classification or shelving scheme
Koha item type Books - Non Ficton
Holdings
Withdrawn status Lost status Source of classification or shelving scheme Damaged status Not for loan Collection code Permanent Location Current Location Shelving location Date acquired Total Checkouts Full call number Barcode Date last seen Date last checked out Price effective from Koha item type
          Non-Fiction KH8 Primary School Library KH8 Primary School Library Non Fiction 2023-02-17 31 567.9 SOL KHPL000003641 2025-12-05 2024-11-21 2023-02-17 Books - Non Ficton

Powered By KH8 IT Dept